Motion and time study : design and measurement of work /
Productivity. Definition and scope of motion and time study. History of motion and time study. The general problem-solving process. Work methods design-thebroad view. Work methods design-developing a better method. Process analysis. Activity charts; Man and machine charts...
Guardat en:
| Autor principal: | |
|---|---|
| Format: | Llibre |
| Idioma: | English |
| Publicat: |
New York :
John Wiley and Sons,
1980.
|
| Edició: | 7th ed. |
| Matèries: | |
| Etiquetes: |
Afegir etiqueta
Sense etiquetes, Sigues el primer a etiquetar aquest registre!
|
| Thư viện lưu trữ: | Mạng thư viện Đại học Đà Nẵng |
|---|
| LEADER | 01207cam a2200361 i 4500 | ||
|---|---|---|---|
| 001 | 000047416 | ||
| 003 | 7090 | ||
| 005 | 20030327140233.0 | ||
| 008 | 010321|1980 vm 000 eng | ||
| 020 | |a 0471059056 | ||
| 040 | |a IRC |c IRC |d IRC | ||
| 041 | 0 | |a eng | |
| 082 | 1 | 4 | |a 658.542 |b BA-R |
| 100 | 1 | |a Barnes, Ralph M. |q (Ralph Mosser), |d 1900- | |
| 245 | 0 | 0 | |a Motion and time study : |b design and measurement of work / |c Ralph M. Barnes. |
| 250 | |a 7th ed. | ||
| 260 | |a New York : |b John Wiley and Sons, |c 1980. | ||
| 300 | |a xi, 689 p. : |b ill. ; |c 23.5cm. | ||
| 520 | 3 | |a Productivity. Definition and scope of motion and time study. History of motion and time study. The general problem-solving process. Work methods design-thebroad view. Work methods design-developing a better method. Process analysis. Activity charts; Man and machine charts... | |
| 630 | 0 | 4 | |a Motion study. |
| 630 | 0 | 4 | |a Time study. |
| 650 | 0 | 4 | |a Motion study. |
| 650 | 0 | 4 | |a Time study. |
| OWN | |a DUT | ||
| 999 | |a From the UDN01 | ||
| TYP | |a Monograph | ||
| TYP | |a Printed language | ||
| 980 | |a Mạng thư viện Đại học Đà Nẵng | ||


